| 000 | 01036cab a2200277 4500 | ||
|---|---|---|---|
| 001 | ABS57355 | ||
| 008 | 090401t1997 xxu||||| |||| 00| 0 eng d | ||
| 035 | _a(Sirsi) u79549 | ||
| 041 | _aeng | ||
| 100 | _aJones, G. | ||
| 245 | _aPlanning law update | ||
| 260 | _c1997 | ||
| 350 | _a0 | ||
| 490 |
_aSolicitors` Journal _v141(25) 27 June 1997, 621-622(2) |
||
| 520 | _aPlanning law CPD update on issues of applications to vary time limits to implement planning permission, negligent mis-statement by planning officers, locus standi to challenge the granting of planning permission, compliance with development plan, failure to comply with an enforcement notice, prosecutions, and the demolition and alteration of listed buildings. | ||
| 650 | _aDEVELOPMENT PLANS | ||
| 650 | _aENFORCEMENT NOTICES | ||
| 650 | _aESTOPPEL | ||
| 650 | _aLISTED BUILDINGS | ||
| 650 | _aLOCUS STANDI | ||
| 650 | _aNEGLIGENCE | ||
| 650 | _aPLANNING PERMISSION | ||
| 690 | _aPLANNING LAW AND PRACTICE | ||
| 942 | _n0 | ||
| 948 | _c10/07/1997 | ||
| 999 |
_c50016 _d50016 |
||